Dynamics of weed populations /

Guardado en:
Autor Principal: Cousens, Roger.
Otros Autores: Mortimer, Martin.
Formato: Libro
Idioma:English
Publicado: Cambridge ; New York : Cambridge University Press, 1995.
Materias:
Etiquetas: Agregar Etiqueta
Sin Etiquetas, Sea el primero en etiquetar este registro!
LEADER 01319nam a22002415a 4500
001 EEA.libagro006271
008 130809s1995####enka#####b####000#0#eng#d
005 20210921183750.0
245 1 0 |a Dynamics of weed populations /  |c Roger Cousens and Martin Mortimer. 
260 |a Cambridge ;  |a New York :  |b Cambridge University Press,  |c 1995. 
300 |a xiii, 332 p. :  |b il., mapas ;  |c 23 cm. 
504 |a Incluye referencias bibliográficas (p. 295-321) e índices. 
505 0 |a Preface -- 1. Weed population dynamics/the framework -- 2. The dynamics of geographic range expansion -- 3. Dispersal within and between populations -- 4. Processes involved in the regulation of density -- 5. The intrinsic dynamics of population density -- 6. Extrinsic factors affecting population density -- 7. The spatial dynamics of weed populations -- 8. The evolution of herbicide resistance -- 9. Weed population dynamics/synthesis and prognosis -- References -- Organism index -- Subject index. 
020 |a 0521499690 
100 1 |a Cousens, Roger. 
700 1 |a Mortimer, Martin. 
082 0 4 |a 632.58 
082 0 4 |a 581.652 
082 0 4 |a 581.5248 
650 7 |a Malezas  |x Ecología  |2 agrovoc 
650 7 |a Vegetación  |x Dinámica de poblaciones  |2 agrovoc 
653 |a Control de malezas 
859 |a AR-BbBCA  |b BIB. AGRONOMIA  |h 632.58  |i C867  |p 1999/3632